MARC

LEADER 00000nam0a2200000 4500
001 260033
005 20231101233436.0
035 |a (RuTPU)RU\TPU\book\282979 
035 |a RU\TPU\book\282976 
090 |a 260033 
100 |a 20140513d1954 m y0rusy50 ca 
101 0 |a rus 
102 |a RU 
105 |a a j 001zy 
200 1 |a Курс теоретической механики  |e учебник для вузов  |f И. М. Воронков 
205 |a 5-е изд., стер. 
210 |a Москва  |c Гостехиздат  |d 1954 
215 |a 552 с.  |c ил 
320 |a Имен. указ.: с. 548. 
320 |a Предметный указатель: с. 549-552. 
606 1 |a Механика теоретическая  |2 stltpush  |3 (RuTPU)RU\TPU\subj\59441  |9 76991 
610 1 |a теоретическая механика 
610 1 |a статика 
610 1 |a кинематика 
610 1 |a динамика 
610 1 |a теоремы 
610 1 |a учебники 
610 1 |a силы 
610 1 |a трение 
610 1 |a скольжение 
610 1 |a качение 
610 1 |a центр тяжести 
610 1 |a теория удара 
675 |a 531(075.8)  |v 3 
700 1 |a Воронков  |b И. М.  |g Иван Михайлович 
801 1 |a RU  |b 63413507  |c 20030513  |g PSBO 
801 2 |a RU  |b 63413507  |c 20140521  |g PSBO 
942 |c BK